The Power of Intention (Record no. 300373)

000 -LEADER
fixed length control field 00292 a2200121 4500
001 - CONTROL NUMBER
control field 65300
003 - CONTROL NUMBER IDENTIFIER
control field NUST
005 - DATE AND TIME OF LATEST TRANSACTION
control field 20180119121030.0
008 - FIXED-LENGTH DATA ELEMENTS--GENERAL INFORMATION
fixed length control field 180119b xxu||||| |||| 00| 0 eng d
082 ## - DEWEY DECIMAL CLASSIFICATION NUMBER
Classification number 128.4 WAY
100 ## - MAIN ENTRY--PERSONAL NAME
Personal name Dr Wayne W . Dyer
9 (RLIN) 9071
245 ## - TITLE STATEMENT
Title The Power of Intention
Medium Englsih
260 ## - PUBLICATION, DISTRIBUTION, ETC.
Place of publication, distribution, etc. PAF Book Club
Name of publisher, distributor, etc. Hay House
Date of publication, distribution, etc. 2006
300 ## - PHYSICAL DESCRIPTION
Extent 259p.
942 ## - ADDED ENTRY ELEMENTS (KOHA)
Institution code [OBSOLETE] NUST CAE
Koha item type Book
Call number prefix 128.4 WAY
Source of classification or shelving scheme
Holdings
Withdrawn status Lost status Damaged status Not for loan Collection code Permanent Location Current Location Date acquired Total Checkouts Full call number Barcode Date last seen Price effective from Koha item type
          College of Aeronautical Engineering (CAE) College of Aeronautical Engineering (CAE) 04/03/2017   128.4 WAY CAEG-6255 04/05/2017 04/05/2017 Book
© 2023 Central Library, National University of Sciences and Technology. All Rights Reserved.